Digitálne dvojča automobilu

Enregistré dans:
Détails bibliographiques
Auteur principal: Potocký, Ondrej (Auteur)
Autres auteurs: Bucha, Jozef (Directeur de thèse)
Format: Manuscrit Livre
Langue:slovaque
Publié: 2020
Sujets:
Accès en ligne:http://is.stuba.sk/zp/portal_zp.pl?podrobnosti=145267
Tags: Ajouter un tag
Pas de tags, Soyez le premier à ajouter un tag!

MARC

LEADER 00000ntm a22000003a 4500
001 stuzp81425
003 SK-STU
005 20200711211143.9
007 ta
008 150427s2015----xo-----f-mn---000-0-slo-d
040 |a STU  |b slo 
041 0 |a slo 
100 1 |a Potocký, Ondrej  |u 020030  |k Z4  |4 aut  |U SjF Strojnícka fakulta  |T SjF Ústav dopravnej techniky a konštruovania  |X 76691  |U J0030  |Y 806  |7 76691 
242 0 1 |a Vehicle digital twin  |y eng 
245 1 0 |a Digitálne dvojča automobilu 
260 |c 2020 
650 4 |a measurements  |2 eng 
650 4 |a digital twin  |2 eng 
650 4 |a MBS  |2 eng 
650 4 |a simulation  |2 eng 
650 4 |a Siemens NX  |2 eng 
650 4 |a Adams Car  |2 eng 
650 4 |a FSAE  |2 eng 
650 4 |a meranie  |2 slo 
650 4 |a Adams Car  |2 slo 
650 4 |a simulácia  |2 slo 
650 4 |a Siemens NX  |2 slo 
650 4 |a digitálne dvojča  |2 slo 
650 4 |a MBS  |2 slo 
650 4 |a FSAE  |2 slo 
700 1 |a Bucha, Jozef  |u 020030  |k Z1  |4 ths  |U SjF Strojnícka fakulta  |T SjF Ústav dopravnej techniky a konštruovania  |X 70878  |U J0030  |Y 806  |7 A000070878 
856 4 |u http://is.stuba.sk/zp/portal_zp.pl?podrobnosti=145267